000 01183cam a22003134a 4500
999 _c531642
_d531642
001 13868545
005 20191022175332.0
008 050211s2006 enka b 001 0 eng
010 _a 2005004165
015 _aGBA3U4685
_2bnb
016 7 _a006960130
_2Uk
020 _a0419228004 (hardcover : alk. paper)
020 _a9780419228004 (hardcover : alk. paper)
035 _a(OCoLC)ocm57693702
040 _cDLC
042 _apcc
082 0 0 _a620.135
_bALI
100 1 _aAligizaki, Kalliopi K.
_924543
245 1 0 _aPore structure of cement-based materials :
_btesting, interpretation and requirements /
_cKalliopi K. Aligizaki.
260 _aAbingdon [England] ;
_aNew York :
_bTaylor & Francis,
_c2006.
300 _axli, 388 p. :
_bill. ;
_c24 cm.
504 _aIncludes bibliographical references and indexes.
650 0 _aCement
_xTesting.
_924544
650 0 _aPorosity.
_924545
830 0 _aModern concrete technology series (E. & F.N. Spon)
_924546
856 4 1 _3Table of contents
_uhttp://www.loc.gov/catdir/toc/ecip057/2005004165.html
856 4 2 _3Publisher description
_uhttp://www.loc.gov/catdir/enhancements/fy0651/2005004165-d.html
942 _2ddc
_cBK